000 01631nam a2200349 c 4500
999 _c128705
_d128705
003 BLK
005 20230718150625.0
008 180409b bul|||||r ||||||| ||bul||
010 _aKNG00134435000
040 _aBLK
041 _aBUL
_cBUL
072 7 _2bullib
_aА
_xФонд Михаил Арнаудов
080 _aБългарска литература
_b821.163.2
_x-32
_z821.163.2-32
100 _aБлъсков, Илия Рашков
_d1839-1913
_gБелетрист, учител, книжовник, събирач на народно творчество, издател. Преводач от руски език.
_9411081
139 _aБлъсков, Илия Рашков
_bБ 51
245 1 0 _aИзгубена Станка
_cИлия Рашков Блъсков.
257 _aBGR
260 _bЩаб на действующата армия
_c1917
_fСофия : печ. Воен. известия
300 _a112 с.
_c15 см
380 _aX
490 1 _aПоходна войнишка библиотека
_v№ 6
490 _aЧастна колекция - Академик Михаил Арнаудов
_9396381
_gДарение - Основен фонд
500 _a1. изд. 1886. - Фонд Михаил Арнаудов - мека подв., неразрязана
659 _aА
852 _aЦб 8.150.5392 ; Цб МА 1974
856 4 _qpdf
856 4 _qpdf
942 _cKNG
_n0
_s1
944 _aCR
_c01.10.2012
_lДиана Гривева
_k30529
944 _aED
_c23.12.2016
_l01.10.2012 - от С1,Р / 01.10.2012
_kГеновева_Генчева
999 _d128705